| 000 | 01292nam a22002777a 4500 | ||
|---|---|---|---|
| 005 | 20240530110447.0 | ||
| 008 | 150428s2011 ua a g 000 0 ara d | ||
| 017 |
_a2011/4017 _bمصر . دار الكتب المصرية |
||
| 020 | _a9789774217823 | ||
| 040 | _aEG-CaGPL | ||
| 082 | 0 | 4 |
_221 _a239\ _bم س |
| 100 | 0 | _aمحمد عبدالله بن يحيى ابن سيد الناس . | |
| 245 | 1 | 2 |
_aالسيرة النبوية المسمى عيون الاثار فى فنون المغازى و الشمائل و السير / _cتاليف محمد عبدالله بن يحيى ابن سيد الناس ؛ تحقيق محمود الشرقاوى . |
| 260 |
_aالقاهرة : _bالهيئة المصرية العامة للكتاب ، _c2011. |
||
| 300 |
_a2 ج ؛ _c24 سم. |
||
| 650 | 0 | 4 | _aالسيرة النبوية |
| 650 | 0 | 4 | _aغزوة بدر |
| 650 | 0 | 4 | _aابناء النبى |
| 650 | 0 | 4 | _aغزوة احد |
| 650 | 0 | 4 |
_aالسيرة النبوية _xعصر الجهاد فى سبيل نشر الدعوة |
| 650 | 0 | 4 |
_aالسيرة النبوية _xمن الميلاد حتى زواجه من خديجة |
| 650 | 0 | 4 | _aالاسراء والمعراج |
| 700 | 0 |
_aمحمود الشرقاوى _eمحقق |
|
| 942 |
_2ddc _cBK |
||
| 999 |
_c61173 _d61173 |
||